000 00658nam a2200217 a 4500
001 000020865
005 20200930011159.0
008 100819s1965 sp 000 0 spa d
082 _a843.8
_bB198L
100 1 _aBalzac, H. de.
_943736
245 1 3 _aEl lirio en el valle /
_cH. De Balzac ; traducción Felipe Cabañas Ventura.
260 _aBarcelona :
_bRamón Sospena,
_c1965.
300 _a271 p. ;
_c18 cm.
490 1 _aBiblioteca Sopena
650 4 _aNovela francesa
_91075
650 4 _aLiteratura francesa
_91074
700 1 _aCabañas Ventura, Felipe,
_etr.
_943737
830 0 _aBiblioteca Sopena
_912815
049 _aBNGR
999 _c20368
_d20368
040 _aDO-SdBNP